000 00449nam a2200157Ia 4500
008 170106s1991||||xx |||||||||||||| ||und||
020 _a195631951
082 _a891.1
_bTHA
100 _aTharu, Susie
245 0 _aWomen Writing in India. V..1. 600 BC to the Early Twentieth Century
260 _aNew Delhi
_bOxford University Press
_c1991
300 _axxix, 537 p. ; 21 cm
650 _aEnglish Literature
700 _a Lalita, K
942 _cBK
999 _c9720
_d9720